000 00230nam a2200097Ia 4500
008 220204s9999 xx 000 0 und d
082 _a331+334.1
_bILO
245 0 _aILO and co operatives
260 _aGeneva
_bILO
_c1966
942 _cBK
999 _c22099
_d22099